| 000 | 00746nam a2200253 4500 | ||
|---|---|---|---|
| 001 | 3135384 | ||
| 003 | SEKU | ||
| 005 | 20140826092934.0 | ||
| 008 | 720302s1970 enka 001 0 eng | ||
| 010 | _a 72129936 | ||
| 015 | _aB71-07233 | ||
| 020 | _a0521079942 | ||
| 040 |
_aDLC _cDLC _dDLC _dSEKU _beng |
||
| 050 | 0 | 0 |
_aQD453.2 _b.S8 1970 |
| 082 | 0 | 0 | _a541/.3 |
| 100 | 1 | _aStranks, D. R. | |
| 245 | 1 | 0 |
_aChemistry : _ba structural view / _c[by] D. R. Stranks [and others] |
| 250 | _a2d ed. | ||
| 260 |
_aLondon : _bCambridge University Press, _c1970. |
||
| 300 |
_ax, 516 p. : _billus. (some col.) ; _c25 cm. |
||
| 350 | _a£4.20 | ||
| 650 | 0 | _aChemistry, Physical and theoretical. | |
| 942 |
_2lcc _cGEN _hQD453.2 _i.S8 1970 |
||
| 999 |
_c1838 _d1838 |
||